LIBRARY & INFORMATION CENTRE, KCAET, TAVANUR

ONLINE PUBLIC ACCESS CATALOGUE (OPAC)

Elements of Machine design / (Record no. 1323)

MARC details
000 -LEADER
fixed length control field 00814cam a2200349ua 4500
041 ## - LANGUAGE CODE
Language code of text/sound track or separate title eng
082 ## - DEWEY DECIMAL CLASSIFICATION NUMBER
Classification number 621.815
Item number PAN/EL
100 ## - MAIN ENTRY--AUTHOR NAME
Personal name Pandya, N.C .
245 ## - TITLE STATEMENT
Title Elements of Machine design /
250 ## - EDITION STATEMENT
Edition statement 10 /
260 ## - PUBLICATION, DISTRIBUTION, ETC. (IMPRINT)
Place of publication :
Name of publisher Charotar book stall ,
Year of publication 1986.
300 ## - PHYSICAL DESCRIPTION
Number of Pages 1126 ; .
700 1# - ADDED ENTRY--PERSONAL NAME
Personal name Shah, C.S .
942 ## - ADDED ENTRY ELEMENTS (KOHA)
Koha item type Books
Holdings
Withdrawn status Lost status Damaged status Home library Current library Date acquired Full call number Accession Number Koha item type
      KAUAET KAUAET 15/12/1988 621.815 16480 Books
      KAUAET KAUAET 01/11/1988 621.815 16415 Books
      KAUAET KAUAET 15/12/1988 621.815 16479 Books
      KAUAET KAUAET 01/11/1988 621.815 16414 Books
      KAUAET KAUAET 15/12/1988 621.815 16481 Books
      KAUAET KAUAET 01/11/1988 621.815 16416 Books
      KAUAET KAUAET 15/12/1988 621.815 16474 Books
      KAUAET KAUAET 01/11/1988 621.815 16413 Books
      KAUAET KAUAET 01/11/1988 621.815 16418 Books
      KAUAET KAUAET 15/12/1988 621.815 16478 Books
      KAUAET KAUAET 01/11/1988 621.815 16419 Books
      KAUAET KAUAET 01/11/1988 621.815 16417 Books
      KAUAET KAUAET 15/12/1988 621.815 16476 Books
      KAUAET KAUAET 07/04/2012 621.815 19437 Books
      KAUAET KAUAET 21/10/2022 621.815 PAN/EL 16477 Books
free website counter